00506 2200181 4500001002100000005001500021008004100036020002200077035001900099041000700118082000800125090001700133100001300150245008600163260003600249300002300285650001600308INLIS00000000000241220241224112532241224||||||||| | ||| |||| || |  a978-602-202-071-4 0010-1224002412 aid0 a610 a610.73 ERN b0 aErnawati00aBuku Ajar Konsep dan Aplikasi Keperawatan Dalam Pemenuhan Kebutuhan Dasar Manusia aJakartabTrans Info Mediac2012 aviii;214 hlm;21 cm 0aKeperawatan